Projektový manažment v marketingu diplomová práca

Salvato in:
Dettagli Bibliografici
Autore principale: Slepánková, Daniela
Ente Autore: Obchodná fakulta EU. Katedra marketingu
Altri autori: Rehák, Róbert, 1984-
Natura: Libro
Lingua:slovacco
Pubblicazione: Bratislava 2023
Tags: Aggiungi Tag
Nessun Tag, puoi essere il primo ad aggiungerne!!

MARC

LEADER 00000nbm a2200000 4500
001 0293746
005 20240112094258.0
041 0 |a slo 
044 |a SK 
245 1 0 |a Projektový manažment v marketingu  |b diplomová práca  |c Daniela Slepánková ; školiteľ: Róbert Rehák 
264 1 |a Bratislava  |c 2023 
300 |a 70 s. 
100 1 |a Slepánková, Daniela 
700 1 |a Rehák, Róbert, 1984- 
710 2 |a Obchodná fakulta EU. Katedra marketingu